000 01044nam a22001577a 4500
003 OSt
005 20151106094338.0
008 151106b xxu||||| |||| 00| 0 eng d
040 _cRUA
082 _aFOR HOU 2002 B128 Or.1
100 _93433
_aHOU, VONGVICHHEKA.
245 _aComparison of the processes of community forestry development in preyav village, sreknong commune, chumkiri district, kampot province and bangkong khmum village, tnotchum commune, krokor district pursat province (ការប្រៀបធៀបដំណើរការនៃការរៀបចំសហគមន៏ព្រៃឈើនៅភូមិព្រៃយ៉ាវឃុំស្រែក្នុងស្រុកជុំគិរីខេត្តកំពត​និងសហគមន៏ព្រៃឈើនៅភូមិបង្គងឃ្មំុឃំុត្នោតជំុស្រុកក្រគរខេត្តពោធិ័សាត់)
260 _aPhnom Penh
_bRUA
_c2002
300 _a75p.
_bill.
_c29cm.
942 _2ddc
_cFOR
999 _c3204
_d3204